[Event "Treviso Master op 4th"]
[Site "Treviso"]
[Date "2023.04.02"]
[Round "5"]
[White "Teutsch, Alexander"]
[Black "Gallo, Enrico"]
[Result "1-0"]
[WhiteElo "2173"]
[BlackElo "2097"]
[PlyCount "91"]
[EventDate "2023.03.31"]
[EventType "swiss"]
[EventRounds "5"]
[EventCountry "ITA"]
[SourceTitle "EXT 2024"]
[Source "ChessBase"]
[SourceDate "2023.10.10"]
[SourceVersion "1"]
[SourceVersionDate "2023.10.10"]
[SourceQuality "1"]

1. d4 Nf6 2. c4 c5 3. d5 e6 4. Nc3 exd5 5. cxd5 d6 6. e4 g6 7. f4 Bg7 8. Bb5+ Nfd7 9. a4 0-0 10. Nf3 Nf6 11. 0-0 a6 12. Bc4 Bg4 13. e5 Nfd7 14. e6 Nb6 15. Qe1 Re8 16. Ba2 Bxf3 17. Rxf3 f5 18. a5 Nc8 19. Nd1 Nd7 20. Ne3 Nf6 21. Bd2 Na7 22. Nc4 Nb5 23. Bc3 Qe7 24. Nb6 Rad8 25. Bb1 Rf8 26. Bd3 Nc7 27. Bc4 Rfe8 28. Rd1 Nb5 29. Bxb5 axb5 30. b4 cxb4 31. Bd4 Ne4 32. Qxb4 Bxd4+ 33. Qxd4 Qc7 34. Rb3 Qc5 35. Nd7 Qxd4+ 36. Rxd4 Rc8 37. Rxe4 fxe4 38. Nf6+ Kf8 39. Nxe8 Kxe8 40. Rxb5 e3 41. Kf1 Rc2 42. Rxb7 Ra2 43. Ra7 h5 44. a6 h4 45. Ra8+ Ke7 46. a7 1-0

[Event "Treviso Master op 4th"]
[Site "Treviso"]
[Date "2023.04.01"]
[Round "3"]
[White "Maldonado Gonzales, Stefano"]
[Black "Gallo, Enrico"]
[Result "1-0"]
[WhiteElo "2207"]
[BlackElo "2097"]
[PlyCount "57"]
[EventDate "2023.03.31"]
[EventType "swiss"]
[EventRounds "5"]
[EventCountry "ITA"]
[SourceTitle "EXT 2024"]
[Source "ChessBase"]
[SourceDate "2023.10.10"]
[SourceVersion "1"]
[SourceVersionDate "2023.10.10"]
[SourceQuality "1"]

1. e4 e6 2. d4 d5 3. Nc3 Bb4 4. e5 c5 5. a3 Bxc3+ 6. bxc3 Qc7 7. h4 cxd4 8. cxd4 Ne7 9. Nf3 Nbc6 10. Bd3 h6 11. Kf1 Bd7 12. Rh3 Rc8 13. h5 Na5 14. a4 Nc4 15. Rg3 Kf8 16. Nh4 Nf5 17. Nxf5 exf5 18. Qf3 Qb6 19. Bxf5 Be6 20. Ba3+ Ke8 21. Qg4 Nxa3 22. Bxe6 fxe6 23. Qxg7 Rf8 24. Qg6+ Kd7 25. Qh7+ Kc6 26. Raxa3 Qxd4 27. Rgc3+ Kb6 28. Rcb3+ Kc5 29. Qe7+ 1-0

[Event "Treviso Master op 4th"]
[Site "Treviso"]
[Date "2023.03.31"]
[Round "1"]
[White "Korneev, Oleg"]
[Black "Gallo, Enrico"]
[Result "1-0"]
[WhiteElo "2476"]
[BlackElo "2097"]
[PlyCount "103"]
[EventDate "2023.03.31"]
[EventType "swiss"]
[EventRounds "5"]
[EventCountry "ITA"]
[SourceTitle "EXT 2024"]
[Source "ChessBase"]
[SourceDate "2023.10.10"]
[SourceVersion "1"]
[SourceVersionDate "2023.10.10"]
[SourceQuality "1"]

1. e4 e6 2. d4 d5 3. Nd2 Nf6 4. e5 Nfd7 5. Bd3 c5 6. c3 Nc6 7. Ne2 cxd4 8. cxd4 f6 9. exf6 Nxf6 10. 0-0 Bd6 11. Nf3 Qc7 12. Bg5 0-0 13. Rc1 Bd7 14. Bb1 Be8 15. Ng3 Bf4 16. Bxf4 Qxf4 17. Re1 Bf7 18. Qd3 Bg6 19. Qe3 Qxe3 20. Rxe3 Bxb1 21. Rxb1 Rae8 22. Rbe1 Nb4 23. Rb3 a5 24. a3 Nc2 25. Re2 Rc8 26. Rxb7 Ne4 27. h4 Rf4 28. Rxg7+ Kxg7 29. Nh5+ Kg6 30. Nxf4+ Kf5 31. Nd3 Rc4 32. g4+ Kf6 33. Nf4 Nxd4 34. Nh5+ Ke7 35. Nxd4 Rxd4 36. f3 Rd2 37. Kf1 Rd1+ 38. Kg2 Rd2 39. Nf4 Rxe2+ 40. Nxe2 Nc5 41. b4 axb4 42. axb4 Nd3 43. b5 Kd6 44. g5 Ne5 45. f4 Nd7 46. h5 Kc5 47. Kf3 Nf8 48. h6 Kxb5 49. Nd4+ Kc4 50. Nxe6 d4 51. Nxf8 Kc3 52. Ne6 1-0

[Event "Ottavi Province-ch 78th"]
[Site "Mestre"]
[Date "2018.01.27"]
[Round "2"]
[White "Ballarin, Gabriele"]
[Black "Gallo, Enrico"]
[Result "0-1"]
[WhiteElo "1875"]
[BlackElo "2100"]
[PlyCount "86"]
[EventDate "2018.01.26"]
[EventType "swiss"]
[EventRounds "5"]
[EventCountry "ITA"]
[SourceTitle "EXT 2022"]
[Source "ChessBase"]
[SourceDate "2021.10.06"]
[SourceVersion "1"]
[SourceVersionDate "2021.10.06"]
[SourceQuality "1"]

1. d3 d5 2. Nd2 e5 3. Ngf3 Nc6 4. e4 Nf6 5. Be2 Bc5 6. c3 a5 7. a4 0-0 8. h3 h6 9. Qc2 Be6 10. g4 Nh7 11. Nf1 f6 12. Ng3 Qe8 13. Nf5 Kh8 14. h4 Qf7 15. Bd2 Rad8 16. Qc1 Rd7 17. Be3 Bxe3 18. Qxe3 Rfd8 19. Qc5 Nf8 20. h5 dxe4 21. dxe4 Bb3 22. Qb5 Bc2 23. Bc4 Rd1+ 24. Rxd1 Rxd1+ 25. Ke2 Qd7 26. Rxd1 Qxd1+ 27. Ke3 Qc1+ 28. Nd2 Bxe4 29. Kxe4 Qxd2 30. Qxb7 Qf4+ 31. Kd3 Qf3+ 32. Kc2 Qxf2+ 33. Kc1 Qf4+ 34. Kb1 Qxc4 35. Qxc7 Qxg4 36. Nd6 Qd7 37. Nf7+ Kg8 38. Nxh6+ gxh6 39. Qb6 Qd1+ 40. Ka2 Qxa4+ 41. Kb1 Qe4+ 42. Ka1 Qd5 43. b4 axb4 0-1

[Event "Ottavi Province-ch 78th"]
[Site "Mestre"]
[Date "2018.01.27"]
[Round "3"]
[White "Gallo, Enrico"]
[Black "Litrico, Paolo"]
[Result "1/2-1/2"]
[WhiteElo "2100"]
[BlackElo "1897"]
[PlyCount "61"]
[EventDate "2018.01.26"]
[EventType "swiss"]
[EventRounds "5"]
[EventCountry "ITA"]
[SourceTitle "EXT 2022"]
[Source "ChessBase"]
[SourceDate "2021.10.06"]
[SourceVersion "1"]
[SourceVersionDate "2021.10.06"]
[SourceQuality "1"]

1. e4 e5 2. Nf3 Nc6 3. Bc4 Bc5 4. d3 Nf6 5. c3 0-0 6. b4 Bb6 7. 0-0 h6 8. Nbd2 d5 9. Bb3 Bg4 10. h3 Bh5 11. b5 Na5 12. Ba3 Re8 13. exd5 Nxd5 14. Bxd5 Qxd5 15. Qc2 Rad8 16. Ne1 c5 17. c4 Qd7 18. Ne4 Qe7 19. g3 Bg6 20. Kh2 f5 21. Nc3 e4 22. Nd5 Qf7 23. Ng2 exd3 24. Qxd3 Nxc4 25. Qxc4 Qxd5 26. Qxd5+ Rxd5 27. Nf4 Rd6 28. Rac1 Bf7 29. Bxc5 Bxc5 30. Rxc5 Bxa2 31. Rxf5 1/2-1/2

[Event "Venice Autumn op 24th"]
[Site "Venice"]
[Date "2017.10.31"]
[Round "6"]
[White "Gallo, Enrico"]
[Black "Xia, Jie"]
[Result "0-1"]
[WhiteElo "2100"]
[BlackElo "2255"]
[PlyCount "66"]
[EventDate "2017.10.28"]
[EventType "swiss"]
[EventRounds "7"]
[EventCountry "ITA"]
[SourceTitle "CBM 181 Extra"]
[Source "ChessBase"]
[SourceDate "2017.12.12"]
[SourceVersion "1"]
[SourceVersionDate "2017.12.12"]
[SourceQuality "1"]

1. e4 c5 2. Nf3 d6 3. c3 Nf6 4. h3 Nc6 5. Bd3 g6 6. 0-0 Bg7 7. Bc2 0-0 8. d3 e5 9. a4 d5 10. Na3 h6 11. exd5 Nxd5 12. Nc4 b6 13. Re1 Qc7 14. Bb3 Bb7 15. Na3 Rad8 16. Be3 e4 17. Nh2 exd3 18. Bxd5 Rxd5 19. Qd2 Kh7 20. Nb5 Qd8 21. c4 Rd7 22. Ng4 h5 23. Bg5 f6 24. Bxf6 Rxf6 25. Nxf6+ Qxf6 26. Nc3 Na5 27. Qe3 Nxc4 28. Qe8 Rf7 29. Nd1 Nxb2 30. Re6 Qf5 31. f3 Nxd1 32. Rxd1 c4 33. Re7 Qc5+ 0-1

[Event "Venice Autumn op 24th"]
[Site "Venice"]
[Date "2017.10.30"]
[Round "4"]
[White "Gallo, Enrico"]
[Black "Vianello, Enrico"]
[Result "0-1"]
[WhiteElo "2100"]
[BlackElo "2160"]
[PlyCount "97"]
[EventDate "2017.10.28"]
[EventType "swiss"]
[EventRounds "7"]
[EventCountry "ITA"]
[SourceTitle "CBM 181 Extra"]
[Source "ChessBase"]
[SourceDate "2017.12.12"]
[SourceVersion "1"]
[SourceVersionDate "2017.12.12"]
[SourceQuality "1"]

1. e4 c5 2. Nf3 e6 3. d3 Nc6 4. g3 Nf6 5. Bg2 d5 6. Nbd2 Be7 7. 0-0 Qc7 8. Re1 0-0 9. e5 Nd7 10. Qe2 b5 11. Nf1 Re8 12. Bf4 Bb7 13. h4 Nd4 14. Nxd4 cxd4 15. a3 Rec8 16. Rac1 a5 17. Nh2 b4 18. a4 b3 19. cxb3 Qb6 20. Qg4 Qxb3 21. Bh6 Bf8 22. Rcd1 Kh8 23. Bc1 Nc5 24. Bf1 Qxa4 25. Nf3 Rc7 26. Ng5 h6 27. Nh3 Ba6 28. Qf3 Nb3 29. Bf4 Qd7 30. h5 Be7 31. Kh1 Qd8 32. Be2 Rb8 33. Rg1 Nc5 34. Bd2 Nb3 35. Bf4 Nc5 36. g4 Ne4 37. Bf1 Ng5 38. Qe2 Nxh3 39. Bxh3 Bg5 40. Bh2 Rcb7 41. f4 Rxb2 42. Qf3 Bh4 43. Bg3 Bxg3 44. Qxg3 Re2 45. g5 Re3 46. Qg4 hxg5 47. fxg5 Bxd3 48. h6 Bf5 49. Kh2 0-1

[Event "Chioggia op-A 12th"]
[Site "Chioggia"]
[Date "2017.10.08"]
[Round "4"]
[White "Gallo, Enrico"]
[Black "Zanchetta, Nicola"]
[Result "1-0"]
[WhiteElo "2100"]
[BlackElo "2010"]
[PlyCount "95"]
[EventDate "2017.10.06"]
[EventType "swiss"]
[EventRounds "5"]
[EventCountry "ITA"]
[SourceTitle "EXT 2022"]
[Source "ChessBase"]
[SourceDate "2021.10.06"]
[SourceVersion "1"]
[SourceVersionDate "2021.10.06"]
[SourceQuality "1"]

1. e4 c5 2. Nf3 b6 3. c4 Bb7 4. Nc3 Nc6 5. g3 g6 6. Bg2 Bg7 7. 0-0 e6 8. d3 Nge7 9. Be3 0-0 10. Qd2 d5 11. cxd5 exd5 12. Bh6 dxe4 13. Nxe4 Nf5 14. Bxg7 Nxg7 15. Rfe1 Nd4 16. Nxd4 Qxd4 17. Qc3 Qxc3 18. bxc3 Bxe4 19. dxe4 Rad8 20. Rad1 Ne6 21. f4 Rxd1 22. Rxd1 Rd8 23. Rd5 Rxd5 24. exd5 Nd8 25. Kf2 Kf8 26. Ke3 Ke7 27. Ke4 Kd6 28. f5 f6 29. h4 Nf7 30. Kf4 Nh6 31. fxg6 hxg6 32. g4 b5 33. g5 Ng8 34. gxf6 Nxf6 35. Kg5 Nh5 36. Bf3 a5 37. Kxg6 Nf4+ 38. Kf5 Nd3 39. h5 Ne5 40. h6 Nf7 41. h7 Ke7 42. Bh5 Nh8 43. Ke5 b4 44. cxb4 cxb4 45. d6+ Kd8 46. Bd1 Ke8 47. Kf6 Kd7 48. Kg7 1-0

[Event "Treviso op-A 1st"]
[Site "Treviso"]
[Date "2017.03.19"]
[Round "4.10"]
[White "Madiai, Federico"]
[Black "Gallo, Enrico"]
[Result "1-0"]
[WhiteElo "2221"]
[BlackElo "2072"]
[PlyCount "55"]
[EventDate "2017.03.17"]
[EventType "swiss"]
[EventRounds "5"]
[EventCountry "ITA"]
[SourceTitle "EXT 2024"]
[Source "ChessBase"]
[SourceDate "2023.10.10"]
[SourceVersion "1"]
[SourceVersionDate "2023.10.10"]
[SourceQuality "1"]

1. e4 e6 2. d4 d5 3. Nd2 Nf6 4. e5 Nfd7 5. f4 c5 6. c3 Nc6 7. Ndf3 a6 8. Bd3 b5 9. Ne2 Qb6 10. Be3 Be7 11. Bf2 a5 12. f5 Ba6 13. Nf4 Nd8 14. 0-0 b4 15. c4 cxd4 16. cxd5 Bxd3 17. Qxd3 Bc5 18. Rac1 0-0 19. fxe6 fxe6 20. Ng5 Rf5 21. Nfxe6 g6 22. Qh3 h5 23. Ne4 Be7 24. Bxd4 Rxf1+ 25. Rxf1 Qb7 26. Nxd8 Bxd8 27. Qe6+ Kh8 28. Qe8+ 1-0

[Event "Treviso op-A 1st"]
[Site "Treviso"]
[Date "2017.03.18"]
[Round "2.15"]
[White "Loiacono, Leonardo"]
[Black "Gallo, Enrico"]
[Result "0-1"]
[WhiteElo "2126"]
[BlackElo "2072"]
[PlyCount "100"]
[EventDate "2017.03.17"]
[EventType "swiss"]
[EventRounds "5"]
[EventCountry "ITA"]
[SourceTitle "EXT 2024"]
[Source "ChessBase"]
[SourceDate "2023.10.10"]
[SourceVersion "1"]
[SourceVersionDate "2023.10.10"]
[SourceQuality "1"]

1. d4 d5 2. c4 e6 3. Nc3 Nf6 4. cxd5 exd5 5. Bg5 Be7 6. e3 0-0 7. Bd3 h6 8. Bh4 c6 9. Nf3 Ne4 10. Bxe7 Qxe7 11. Qc2 Nxc3 12. Qxc3 Nd7 13. b4 Nf6 14. Qc5 Qxc5 15. bxc5 Nd7 16. Rc1 Rb8 17. 0-0 b6 18. cxb6 Rxb6 19. Rc2 Ba6 20. Bxa6 Rxa6 21. Rfc1 Rb8 22. g3 Rbb6 23. Kg2 Kf8 24. Ne1 Ke7 25. Nd3 Ra3 26. Rd2 Ra4 27. Nc5 Nxc5 28. Rxc5 Rba6 29. Rb2 Rc4 30. Rc2 Rxc5 31. Rxc5 Kd6 32. Rc2 Ra5 33. Kf3 c5 34. dxc5+ Rxc5 35. Rb2 Kc6 36. h4 Rb5 37. Rd2 Kc5 38. Rc2+ Kb4 39. g4 Ka3 40. Rc7 a5 41. Rxf7 Kxa2 42. Rxg7 a4 43. Ra7 Kb3 44. g5 a3 45. g6 a2 46. g7 Rb8 47. Rb7+ Rxb7 48. g8Q a1Q 49. Qxd5+ Ka4 50. Qxb7 Qh1+ 0-1

[Event "Treviso op-A 1st"]
[Site "Treviso"]
[Date "2017.03.17"]
[Round "1.11"]
[White "Gallo, Enrico"]
[Black "Barp, Alberto"]
[Result "0-1"]
[WhiteElo "2072"]
[BlackElo "2243"]
[PlyCount "48"]
[EventDate "2017.03.17"]
[EventType "swiss"]
[EventRounds "5"]
[EventCountry "ITA"]
[SourceTitle "EXT 2024"]
[Source "ChessBase"]
[SourceDate "2023.10.10"]
[SourceVersion "1"]
[SourceVersionDate "2023.10.10"]
[SourceQuality "1"]

1. e4 c5 2. Nf3 a6 3. d4 cxd4 4. Nxd4 Nf6 5. Nc3 e5 6. Nb3 Bb4 7. Bd3 d5 8. exd5 Qxd5 9. 0-0 Bxc3 10. bxc3 0-0 11. Ba3 Re8 12. Qe2 e4 13. Rfe1 Qc6 14. Bc4 b5 15. Na5 Qc7 16. Bb4 bxc4 17. Nxc4 a5 18. Nd6 Re6 19. Nb5 Qb6 20. Ba3 Ba6 21. c4 Nc6 22. Red1 e3 23. f3 Bxb5 24. cxb5 Nd4 0-1

[Event "Venice Autumn op 23rd"]
[Site "Venice"]
[Date "2016.11.01"]
[Round "5"]
[White "Gallo, Enrico"]
[Black "Redo, Giorgio"]
[Result "1/2-1/2"]
[WhiteElo "2064"]
[BlackElo "2077"]
[PlyCount "133"]
[EventDate "2016.10.29"]
[EventType "swiss"]
[EventRounds "6"]
[EventCountry "ITA"]
[SourceTitle "CBM 175 Extra"]
[Source "ChessBase"]
[SourceDate "2016.12.12"]
[SourceVersion "1"]
[SourceVersionDate "2016.12.12"]
[SourceQuality "1"]

1. e4 c5 2. Nf3 g6 3. Bc4 Bg7 4. c3 e6 5. 0-0 d5 6. exd5 exd5 7. Bb3 Ne7 8. d4 c4 9. Bc2 0-0 10. Bf4 Nbc6 11. Nbd2 Bf5 12. h3 b5 13. Re1 a5 14. Nf1 Re8 15. g4 Bxc2 16. Qxc2 b4 17. Ng3 a4 18. a3 bxc3 19. bxc3 Na5 20. Re2 Qd7 21. Rae1 Nb3 22. Ne5 Bxe5 23. Bxe5 Nc6 24. Bf6 Re6 25. Rxe6 fxe6 26. Qe2 Re8 27. Qe3 Qf7 28. g5 Qf8 29. Qf4 Nb8 30. Qc7 Qf7 31. Be5 Qxc7 32. Bxc7 Nc6 33. Nf1 Kf7 34. Nh2 Nd2 35. f3 e5 36. Rd1 exd4 37. Rxd2 dxc3 38. Rxd5 Re1+ 39. Kf2 c2 40. Bf4 c1Q 41. Rd7+ Ne7 42. Bxc1 Rxc1 43. Ng4 Rc3 44. Nf6 Rxa3 45. Rc7 Ra2+ 46. Ke1 Ke6 47. Rxc4 h5 48. Ne4 a3 49. Ra4 Nf5 50. Nc3 Ra1+ 51. Kd2 Rh1 52. Rxa3 Rxh3 53. Ne2 Rh2 54. Kd3 Rf2 55. Nf4+ Kf7 56. Ra7+ Ke8 57. Nxg6 Rxf3+ 58. Ke4 Rf1 59. Ke5 Ng3 60. Ke6 Kd8 61. Ne5 h4 62. g6 Nh5 63. Nf7+ Kc8 64. Nd6+ Kb8 65. Rb7+ Ka8 66. Rf7 Rg1 67. Rf8+ 1/2-1/2

[Event "Lignano Sabbiadoro op 2nd"]
[Site "Lignano Sabbiadoro"]
[Date "2016.07.31"]
[Round "1"]
[White "Gallo, Enrico"]
[Black "Formento, Paolo"]
[Result "0-1"]
[WhiteElo "2067"]
[BlackElo "2298"]
[PlyCount "124"]
[EventDate "2016.07.31"]
[EventType "swiss"]
[EventRounds "9"]
[EventCountry "ITA"]
[SourceTitle "CBM 173 Extra"]
[Source "ChessBase"]
[SourceDate "2016.08.29"]
[SourceVersion "1"]
[SourceVersionDate "2016.08.29"]
[SourceQuality "1"]

1. e4 e6 2. d4 d5 3. Nd2 h6 4. Ngf3 Nf6 5. e5 Nfd7 6. Bd3 c5 7. c3 Nc6 8. 0-0 g5 9. c4 dxc4 10. Bxc4 cxd4 11. Ne4 g4 12. Nxd4 Ndxe5 13. Nxc6 bxc6 14. Qe2 Nxc4 15. Qxc4 Bg7 16. Qxc6+ Bd7 17. Nd6+ Kf8 18. Qc5 Qb6 19. Qa3 Kg8 20. Qg3 e5 21. Rd1 Be6 22. Be3 Qxb2 23. Rab1 Qxa2 24. Qh4 Kh7 25. Ne4 Bf5 26. Ra1 Qc4 27. Nf6+ Bxf6 28. Qxh6+ Kg8 29. Qxf6 Qe6 30. Qxe6 Bxe6 31. Rxa7 Rxa7 32. Bxa7 Kg7 33. Re1 f6 34. f4 gxf3 35. gxf3 Bd5 36. Kg2 Kf7 37. Kg3 Rg8+ 38. Kf2 Rh8 39. Kg2 Ke6 40. Rd1 Ra8 41. Be3 Ra3 42. Kf2 Ra2+ 43. Rd2 Ra4 44. f4 exf4 45. Bd4 Be4 46. Bc5 Kf5 47. Be7 Ra7 48. Bc5 Rh7 49. Kf1 Rc7 50. Bf2 Rh7 51. Bg1 Rb7 52. Bf2 Kg4 53. Be1 Rb3 54. Ra2 Rb1 55. Ra3 Rb5 56. Rc3 Rb1 57. Ra3 f3 58. Ra2 Rb7 59. Kf2 Rh7 60. Ke3 f5 61. Bg3 Rd7 62. Rd2 f4+ 0-1

[Event "Padova op-A 18th"]
[Site "Padova"]
[Date "2015.12.17"]
[Round "6.29"]
[White "Roberti, Ignazio"]
[Black "Gallo, Enrico"]
[Result "0-1"]
[WhiteElo "1890"]
[BlackElo "2044"]
[PlyCount "60"]
[EventDate "2015.12.13"]
[EventType "swiss"]
[EventRounds "9"]
[EventCountry "ITA"]
[SourceTitle "EXT 2024"]
[Source "ChessBase"]
[SourceDate "2023.10.10"]
[SourceVersion "1"]
[SourceVersionDate "2023.10.10"]
[SourceQuality "1"]

1. Nf3 e6 2. b3 d5 3. Bb2 Nf6 4. e3 Be7 5. d4 0-0 6. Nbd2 b6 7. Be2 Bb7 8. c4 c5 9. Ne5 Nc6 10. cxd5 exd5 11. f4 Ne4 12. 0-0 cxd4 13. exd4 Nxe5 14. Nxe4 Ng6 15. Ng3 Bd6 16. f5 Nf4 17. Qd2 Qh4 18. Rf3 Rfe8 19. Bf1 Nh5 20. Qf2 Re4 21. Re1 Nf6 22. h3 Rxe1 23. Qxe1 Ne4 24. f6 Bxg3 25. Qe3 Re8 26. Bb5 Re6 27. Bd7 Rxf6 28. Ba3 Bf2+ 29. Rxf2 Qxf2+ 30. Qxf2 Rxf2 0-1

[Event "Padova op-A 18th"]
[Site "Padova"]
[Date "2015.12.16"]
[Round "5.21"]
[White "Gallo, Enrico"]
[Black "Varvaglione, Antonio"]
[Result "0-1"]
[WhiteElo "2044"]
[BlackElo "2247"]
[PlyCount "96"]
[EventDate "2015.12.13"]
[EventType "swiss"]
[EventRounds "9"]
[EventCountry "ITA"]
[SourceTitle "EXT 2024"]
[Source "ChessBase"]
[SourceDate "2023.10.10"]
[SourceVersion "1"]
[SourceVersionDate "2023.10.10"]
[SourceQuality "1"]

1. e4 d6 2. d4 Nf6 3. Nc3 e5 4. Nf3 Nbd7 5. g3 Be7 6. Bg2 0-0 7. 0-0 c6 8. Re1 b5 9. a3 Qc7 10. b3 Re8 11. Bb2 Bf8 12. Qd2 Bb7 13. Rad1 a5 14. Nh4 g6 15. h3 Rad8 16. Ne2 Bg7 17. g4 Nf8 18. Ng3 Ne6 19. g5 Nd7 20. Ne2 Ndf8 21. Kh1 exd4 22. Nxd4 Be5 23. Nhf3 Nxd4 24. Bxd4 Ne6 25. Bxe5 dxe5 26. Qc3 Nf4 27. Rxd8 Qxd8 28. h4 Qc7 29. Nh2 Bc8 30. Rd1 Qb6 31. Qe3 Qc7 32. Qc5 Ne6 33. Qe3 Rd8 34. Rxd8+ Qxd8 35. Bf1 h6 36. Ng4 hxg5 37. Nxe5 Qd6 38. Nf3 gxh4 39. Bd3 h3 40. e5 Qxa3 41. Ng5 a4 42. Ne4 Qa1+ 43. Kh2 Qxe5+ 44. Kh1 a3 45. Qa7 Ng5 46. Qa8 Nxe4 47. Qxc8+ Kg7 48. Qxc6 a2 0-1

[Event "Padova op-A 18th"]
[Site "Padova"]
[Date "2015.12.15"]
[Round "4.19"]
[White "Dragojlovic, Andjelko"]
[Black "Gallo, Enrico"]
[Result "1-0"]
[WhiteElo "2309"]
[BlackElo "2044"]
[PlyCount "85"]
[EventDate "2015.12.13"]
[EventType "swiss"]
[EventRounds "9"]
[EventCountry "ITA"]
[SourceTitle "EXT 2024"]
[Source "ChessBase"]
[SourceDate "2023.10.10"]
[SourceVersion "1"]
[SourceVersionDate "2023.10.10"]
[SourceQuality "1"]

1. e4 e6 2. d4 d5 3. Nc3 Bb4 4. Qd3 Nf6 5. e5 Nfd7 6. a3 Be7 7. Qg3 g6 8. h4 c5 9. dxc5 Nxc5 10. h5 g5 11. h6 Nc6 12. Nf3 Rg8 13. Qg4 Qa5 14. Bd2 Qb6 15. 0-0-0 d4 16. Ne4 Na4 17. b4 a5 18. Nd6+ Bxd6 19. exd6 axb4 20. Bxb4 Nc3 21. Rxd4 Nxd4 22. Qxd4 Qxd4 23. Nxd4 Na2+ 24. Kb2 Nxb4 25. axb4 Bd7 26. Bd3 f5 27. g4 Rf8 28. Rh5 fxg4 29. Bxh7 0-0-0 30. Rxg5 Rxf2 31. Bd3 e5 32. Rxe5 g3 33. Rg5 Rh2 34. h7 g2 35. Nf3 Rh6 36. Rxg2 Bc6 37. Rg8 Rxh7 38. Bxh7 Rxg8 39. Bxg8 Bxf3 40. Be6+ Kd8 41. c4 b6 42. c5 b5 43. Kc3 1-0

[Event "Mestre Cipressina op-A 4th"]
[Site "Mestre"]
[Date "2015.11.29"]
[Round "5"]
[White "Mrdja, Milan"]
[Black "Gallo, Enrico"]
[Result "1-0"]
[WhiteElo "2369"]
[BlackElo "2044"]
[PlyCount "51"]
[EventDate "2015.11.27"]
[EventType "swiss"]
[EventRounds "5"]
[EventCountry "ITA"]
[SourceTitle "EXT 2022"]
[Source "ChessBase"]
[SourceDate "2021.10.06"]
[SourceVersion "1"]
[SourceVersionDate "2021.10.06"]
[SourceQuality "1"]

1. e4 e6 2. d4 d5 3. Nc3 Bb4 4. e5 c5 5. Bd2 a6 6. Qg4 Ne7 7. dxc5 Nbc6 8. Qxg7 Rg8 9. Qxh7 Nxe5 10. 0-0-0 Bd7 11. Nh3 Qc7 12. f4 N5g6 13. Ng5 Rf8 14. g3 Qxc5 15. Bd3 Rc8 16. Kb1 f5 17. Rhe1 Rc6 18. h4 Rb6 19. Ne2 Ba3 20. b3 a5 21. h5 Nh8 22. Qg7 a4 23. Nh7 Nc6 24. Qxf8+ Qxf8 25. Nxf8 Kxf8 26. Be3 1-0

[Event "Padova op-A 17th"]
[Site "Padova"]
[Date "2014.12.20"]
[Round "8.29"]
[White "Di Lazzaro, Gabriele"]
[Black "Gallo, Enrico"]
[Result "1/2-1/2"]
[WhiteElo "1941"]
[BlackElo "1982"]
[PlyCount "57"]
[EventDate "2014.12.14"]
[EventType "swiss"]
[EventRounds "9"]
[EventCountry "ITA"]
[SourceTitle "EXT 2024"]
[Source "ChessBase"]
[SourceDate "2023.10.10"]
[SourceVersion "1"]
[SourceVersionDate "2023.10.10"]
[SourceQuality "1"]

1. d4 Nf6 2. Nc3 d5 3. Bg5 Bf5 4. e3 Nc6 5. Bd3 Qd7 6. Nf3 Ne4 7. Bf4 f6 8. Bxe4 dxe4 9. Nd2 g5 10. Bg3 Bg4 11. f3 exf3 12. gxf3 Bh5 13. Nb5 e5 14. dxe5 0-0-0 15. Qe2 a6 16. e6 Qxe6 17. Nxc7 Qf5 18. 0-0-0 Bb4 19. c3 Bd6 20. e4 Qh3 21. Nd5 Bf7 22. Bxd6 Rxd6 23. Nc4 Rdd8 24. Nde3 Qe6 25. Nb6+ Kb8 26. Nbd5 Rhe8 27. Rhe1 h5 28. Qg2 Ne5 29. Qg3 1/2-1/2

[Event "Padova op-A 17th"]
[Site "Padova"]
[Date "2014.12.18"]
[Round "6.25"]
[White "Goossens, Hanne"]
[Black "Gallo, Enrico"]
[Result "1-0"]
[WhiteElo "2090"]
[BlackElo "1982"]
[PlyCount "61"]
[EventDate "2014.12.14"]
[EventType "swiss"]
[EventRounds "9"]
[EventCountry "ITA"]
[SourceTitle "EXT 2024"]
[Source "ChessBase"]
[SourceDate "2023.10.10"]
[SourceVersion "1"]
[SourceVersionDate "2023.10.10"]
[SourceQuality "1"]

1. e4 e6 2. d4 d5 3. Nd2 Nf6 4. e5 Nfd7 5. c3 c5 6. Bd3 Nc6 7. Ne2 cxd4 8. cxd4 f6 9. exf6 Nxf6 10. Nf3 Bd6 11. 0-0 Qc7 12. Bd2 0-0 13. Rc1 Ng4 14. Ng3 g6 15. Qb3 Qg7 16. Be2 a5 17. Rcd1 a4 18. Qc2 Bd7 19. a3 Bf4 20. Bxf4 Rxf4 21. h3 Nh6 22. Qd2 Raf8 23. Qe3 Qf6 24. Bb5 Nf7 25. Bxa4 Nxd4 26. Rxd4 Rxd4 27. Bxd7 Rf4 28. Bxe6 d4 29. Bxf7+ Rxf7 30. Qd3 Qc6 31. Ne5 1-0

[Event "Venice Autumn op 20th"]
[Site "Venice"]
[Date "2014.11.02"]
[Round "4"]
[White "Zamengo, Fulvio"]
[Black "Gallo, Enrico"]
[Result "1-0"]
[WhiteElo "2238"]
[BlackElo "2105"]
[PlyCount "57"]
[EventDate "2014.10.31"]
[EventType "swiss"]
[EventRounds "5"]
[EventCountry "ITA"]
[SourceTitle "EXT 2015"]
[Source "ChessBase"]
[SourceDate "2014.11.20"]
[SourceVersion "1"]
[SourceVersionDate "2014.11.20"]
[SourceQuality "1"]

1. e4 c5 2. Nf3 e6 3. d4 cxd4 4. Nxd4 Nc6 5. Nc3 a6 6. Nxc6 bxc6 7. Bd3 e5 8. 0-0 Bc5 9. Kh1 Ne7 10. f4 d6 11. f5 0-0 12. Qh5 f6 13. Rf3 g6 14. Qh4 d5 15. exd5 Nxf5 16. Qc4 cxd5 17. Qxc5 e4 18. Nxe4 dxe4 19. Bxe4 Qd1+ 20. Qg1 Qxg1+ 21. Kxg1 Rb8 22. b3 Nd4 23. Rf2 Be6 24. Bb2 Rbd8 25. Bd3 a5 26. Re1 Kf7 27. Rf4 Nf5 28. g4 g5 29. gxf5 1-0

[Event "Chioggia op-A 09th"]
[Site "Chioggia"]
[Date "2014.10.12"]
[Round "5"]
[White "Sorbera, Giovanni"]
[Black "Gallo, Enrico"]
[Result "1-0"]
[WhiteElo "2131"]
[BlackElo "2105"]
[PlyCount "67"]
[EventDate "2014.10.10"]
[EventType "swiss"]
[EventRounds "5"]
[EventCountry "ITA"]
[SourceTitle "EXT 2022"]
[Source "ChessBase"]
[SourceDate "2021.10.06"]
[SourceVersion "1"]
[SourceVersionDate "2021.10.06"]
[SourceQuality "1"]

1. e4 e6 2. d3 d5 3. Nd2 c5 4. Ngf3 Nf6 5. c3 Nc6 6. Be2 Qc7 7. 0-0 Be7 8. Re1 0-0 9. Qc2 e5 10. Nf1 h6 11. Ng3 Be6 12. h3 Rfd8 13. Bf1 b5 14. exd5 Nxd5 15. Bd2 a5 16. Rac1 b4 17. d4 bxc3 18. bxc3 exd4 19. Rxe6 fxe6 20. cxd4 Bd6 21. Qe4 Qe7 22. Bd3 Nxd4 23. Qh7+ Kf8 24. Bg6 Nxf3+ 25. gxf3 Nf6 26. Qh8+ Ng8 27. Ne4 Bc7 28. Be3 Bb6 29. Rc4 Rd5 30. Kg2 Rad8 31. Rc2 Ba7 32. Rc3 Rc8 33. Rc4 Qb7 34. Nd6 1-0